City in the clouds / (Record no. 21422)
[ view plain ]
| 000 -LEADER | |
|---|---|
| fixed length control field | 03092nam a22004097a 4500 |
| 005 - DATE AND TIME OF LATEST TRANSACTION | |
| control field | 20090119160731.0 |
| 008 - FIXED-LENGTH DATA ELEMENTS--GENERAL INFORMATION | |
| fixed length control field | 090119t xxu||||| |||| 00| 0 eng d |
| 010 ## - LCCN (DPL NO) | |
| LC control number | B-344228-238 |
| 020 ## - INTERNATIONAL STANDARD BOOK NUMBER | |
| International Standard Book Number | 0590108425 |
| Terms of availability | 110.00 |
| 035 ## - SYSTEM CONTROL NUMBER | |
| System control number | B-344228-238 |
| 035 ## - SYSTEM CONTROL NUMBER | |
| System control number | B-357785 |
| 037 ## - SOURCE OF ACQUISITION | |
| Source of stock number/acquisition | Tarun Books |
| 040 ## - CATALOGING SOURCE | |
| Original cataloging agency | DPL |
| Language of cataloging | English |
| 082 ## - DEWEY DECIMAL CLASSIFICATION NUMBER | |
| Classification number | S |
| 100 ## - MAIN ENTRY--PERSONAL NAME | |
| Personal name | Abbott, Tony |
| 245 ## - TITLE STATEMENT | |
| Title | City in the clouds / |
| Statement of responsibility, etc | by Tony Abbott; illustrated by Tim Jessell |
| 260 ## - PUBLICATION, DISTRIBUTION, ETC. (IMPRINT) | |
| Place of publication, distribution, etc | New York |
| Name of publisher, distributor, etc | Scholastic I |
| Date of publication, distribution, etc | 2008 (repr) |
| 270 ## - ADDRESS | |
| Address | 557 Broadway |
| City | New York |
| Postal code | NY 10012 |
| 300 ## - PHYSICAL DESCRIPTION | |
| Extent | 85p. |
| Other physical details | ill. |
| Dimensions | 19cm. (pbk) |
| 490 ## - SERIES STATEMENT | |
| Series statement | The secrets of Droon-4 |
| 700 ## - ADDED ENTRY--PERSONAL NAME | |
| Personal name | Jessell, Tim |
| 942 ## - ADDED ENTRY ELEMENTS (KOHA) | |
| Source of classification or shelving scheme | Dewey Decimal Classification |
| Item type | Children Books |
| Classification part | S |
| Call number suffix | ABB |
| Withdrawn status | Lost status | Source of classification or shelving scheme | Damaged status | Not for loan | Collection code | Home library | Current library | Date acquired | Source of acquisition | Cost, normal purchase price | Total Checkouts | Total Renewals | Full call number | Barcode | Date last seen | Copy number | Cost, replacement price | Koha item type |
|---|---|---|---|---|---|---|---|---|---|---|---|---|---|---|---|---|---|---|
| Dewey Decimal Classification | Fiction | Bawana | Bawana | 25/08/2009 | Tarun Books/3939/15.5.09/13/23.4.09/4.7.09 | 110.00 | S ABB | B-344237 | 25/08/2009 | 1 | 110.00 | Children Books | ||||||
| Dewey Decimal Classification | Fiction | Central Library | Central Library | 25/08/2009 | Tarun Books/3939/15.5.09/13/23.4.09/4.7.09 | 110.00 | 2 | 1 | S ABB | B-344228 | 06/06/2023 | 1 | 110.00 | Children Books | ||||
| Dewey Decimal Classification | Fiction | Janak Puri | Janak Puri | 19/09/2009 | Tarun books/4121/9.9.09/89/2.9.09/11.9.09 | 110.00 | 23 | S ABB | B-357785 | 26/07/2014 | 1 | 110.00 | Children Books | |||||
| Dewey Decimal Classification | Fiction | Jor Bagh (Children Lib) | Jor Bagh (Children Lib) | 25/08/2009 | Tarun Books/3939/15.5.09/13/23.4.09/4.7.09 | 110.00 | S ABB | B-344233 | 25/08/2009 | 1 | 110.00 | Children Books | ||||||
| Dewey Decimal Classification | Fiction | Karol Bagh | Karol Bagh | 25/08/2009 | Tarun Books/3939/15.5.09/13/23.4.09/4.7.09 | 110.00 | S ABB | B-344235 | 25/08/2009 | 1 | 110.00 | Children Books | ||||||
| Dewey Decimal Classification | Fiction | Kasturba Gandhi Marg | Kasturba Gandhi Marg | 25/08/2009 | Tarun Books/3939/15.5.09/13/23.4.09/4.7.09 | 110.00 | 1 | S ABB | B-344230 | 18/05/2023 | 1 | 110.00 | Children Books | |||||
| Dewey Decimal Classification | Fiction | Narela | Narela | 25/08/2009 | Tarun Books/3939/15.5.09/13/23.4.09/4.7.09 | 110.00 | S ABB | B-344236 | 25/08/2009 | 1 | 110.00 | Children Books | ||||||
| Dewey Decimal Classification | Fiction | Patel Nagar | Patel Nagar | 25/08/2009 | Tarun Books/3939/15.5.09/13/23.4.09/4.7.09 | 110.00 | 1 | 1 | S ABB | B-344229 | 14/06/2023 | 1 | 110.00 | Children Books | ||||
| Written off | Written-off vide DLB M. No. 388 dt 23.02.22 | Dewey Decimal Classification | Fiction | Peshwa Road | Peshwa Road | 25/08/2009 | Tarun Books/3939/15.5.09/13/23.4.09/4.7.09 | 110.00 | S ABB | B-344231 | 25/08/2009 | 1 | 110.00 | Children Books | ||||
| Dewey Decimal Classification | Fiction | Sarojini Nagar | Sarojini Nagar | 25/08/2009 | Tarun Books/3939/15.5.09/13/23.4.09/4.7.09 | 110.00 | S ABB | B-344232 | 25/08/2009 | 1 | 110.00 | Children Books | ||||||
| Written-off vide DLB M. No. 383 dt 16.05.19 | Dewey Decimal Classification | Fiction | Shahdara Branch | Shahdara Branch | 25/08/2009 | Tarun Books/3939/15.5.09/13/23.4.09/4.7.09 | 110.00 | S ABB | B-344238 | 25/08/2009 | 1 | 110.00 | Children Books | |||||
| Dewey Decimal Classification | Fiction | Vinoba Puri | Vinoba Puri | 25/08/2009 | Tarun Books/3939/15.5.09/13/23.4.09/4.7.09 | 110.00 | 5 | S ABB | B-344234 | 04/01/2013 | 1 | 110.00 | Children Books |
